000 00818nam a22002537a 4500
005 20130924151455.0
010 _aENG-104846
020 _a9788120345003
_c325.00
035 _aEN-88379
035 _aB-492027
037 _bDBAD / PUB
037 _bVirtuous Pub/Ven
082 _a535.13
100 _aGarg, Suresh
245 _aWave optics /
_cby Suresh Garg, Sanjay Gupta [and] C.K. Ghosh
260 _aNew Delhi
_bPHI Learning
_c2012
270 _aM-97, Connaught Circus,
_bNew Delhi
_e110001
300 _axiv,394p. :
_c24cm (pbk)
_bill.
500 _aIncludes index
700 _aGupta, Sanjay
_943282
700 _aGhosh, C.K.
_943295
942 _2ddc
_cEN
_mGAR
_h535.13
999 _c63656
_d63656